| 000 | 00466nam a2200193Ia 4500 | ||
|---|---|---|---|
| 003 | OSt | ||
| 005 | 20260310094529.0 | ||
| 020 | _a81-272-0172-3 | ||
| 040 | _cLC | ||
| 050 | _aHF 5635 .J 35 2002 V.1 | ||
| 100 | _aJAIN,S.P. | ||
| 245 | 0 | _aADVANCED ACCOUNTANCY VOLUME II | |
| 250 | _a13TH REVISED EDITION | ||
| 260 |
_aLUDHIANA, _bKALYANI PUBLISHERS, _c2002, |
||
| 300 | _aViii, 1145 P, ILL | ||
| 650 | _a Accounting | ||
| 700 | _aNARANG K L | ||
| 942 |
_cBK _2lcc |
||
| 999 |
_c82114 _d82114 |
||